• 首页
  • 本馆介绍
  • 公告通知
  • 最新文献
  • 馆藏检索
  • 电子资源
  • 读者导购
  • 参考咨询
  • 我的图书馆
  • 登录
  • 详细信息显示
  • 放入我的书架
  • 预约/预借图书
  • 作者相关作品
  • 分类相关作品
  • 丛书相关作品
  • 出版社相关作品

书目信息

  • 表格格式
  • 工作单格式
  • 卡片格式
题名:
几何光学·像差·光学设计
    
 
作者: 李晓彤 , 岑兆丰 编著
分册:  
出版信息: 杭州   浙江大学出版社  2014
页数: 369页
开本: 26cm
丛书名:
单 册:
中图分类: O435 , TH740.2
科图分类:
主题词: 几何光学--高等学校--教材 , 象差--高等学校--教材 , 光学系统--系统设计--高等学校--教材
电子资源:
ISBN: 978-7-308-12265-8
000 01440nam0 2200313 45
001 012001005284
005 20191213103409.03
010    @a978-7-308-12265-8@dCNY59.00
100    @a20140702d2014 em y0chiy50 ea
101 0  @achi
102    @aCN@b330000
105    @aa z 001yy
106    @ar
200 1  @a几何光学·像差·光学设计@9ji he guang xue · xiang cha · guang xue she ji@dGeometrical optics, aberrations and optical design@zeng@f李晓彤,岑兆丰编著
205    @a3版
210    @a杭州@c浙江大学出版社@d2014
215    @a369页@c图@d26cm
300    @a普通高等教育“十一五”国家级规划教材 高等院校光电类专业系列规划教材
330    @a本书内容由“几何光学”、“像差理论”和“光学设计”这三个相对独立而又相互联系的部分所构成。第一部分是“几何光学”,共六章:包括高斯光学的基本内容以及光束限制、光能计算等;第二部分是“像差理论”,从像差基本概念出发,逐级深入地讲述几何像差、波像差和光线追迹;第三部分是“光学设计”,共八章:包括典型光学系统、光学系统初始结构设计、特殊光学系统、特殊光学表面及其应用、光学系统质量评价等。
510 1  @aGeometrical optics, aberrations and optical design@zeng
606 0  @a几何光学@x高等学校@j教材
606 0  @a象差@x高等学校@j教材
606 0  @a光学系统@x系统设计@x高等学校@j教材
690    @aO435@v5
690    @aTH740.2@v5
701  0 @a李晓彤@9li xiao tong@4编著
701  0 @a岑兆丰@9cen zhao feng@4编著
801  0 @aCN@b江苏凤凰@c20191020
905    @b1213156-9@dO435@e72=3@f4
    
    几何光学·像差·光学设计=Geometrical optics, aberrations and optical design/李晓彤,岑兆丰编著.-3版.-杭州:浙江大学出版社,2014
    369页:图;26cm
    普通高等教育“十一五”国家级规划教材 高等院校光电类专业系列规划教材
    
    ISBN 978-7-308-12265-8:CNY59.00
    本书内容由“几何光学”、“像差理论”和“光学设计”这三个相对独立而又相互联系的部分所构成。第一部分是“几何光学”,共六章:包括高斯光学的基本内容以及光束限制、光能计算等;第二部分是“像差理论”,从像差基本概念出发,逐级深入地讲述几何像差、波像差和光线追迹;第三部分是“光学设计”,共八章:包括典型光学系统、光学系统初始结构设计、特殊光学系统、特殊光学表面及其应用、光学系统质量评价等。
●
相关链接 在E读中查询图书 在五车中查询图书 在当当中查询图书 在豆瓣中查询图书


正题名:几何光学·像差·光学设计     索取号:O435/72=3         预约/预借

序号 登录号 条形码 馆藏地/架位号 状态 备注
1 1213156   212131566   第二样本阅览室/ [索取号:O435/72=3] 在馆    
2 1213157   212131575   第三借阅区/ [索取号:O435/72=3] 在馆    
3 1213158   212131584   第三借阅区/ [索取号:O435/72=3] 在馆    
4 1213159   212131593   第三借阅区/ [索取号:O435/72=3] 在馆    
唐山师范学院图书馆 欢迎您!
大连网信软件有限公司© 版权所有